24 hodín denník pre všetkých

Bibliographic Details
Other Authors: Stanislav, Milan (Publishing director)
Format: Newspaper
Language:Slovak
PhysicalDescription:2 zv. 43 cm
Published: Bratislava Novi 2005-2006
ISSN:1336-7625
1336-7641
Subjects:
Online Access:http://www.24hod.sk

MARC

LEADER 00000cas a2200000 a 4500
001 vtls008422554
003 SK-MaSNL
005 20260228160517.0
008 060109d20052006xo dr ner 0 b0slo
022 |a 1336-7625 
035 |a (SVKBB03)vtls000223691 
040 |a SVKPO  |b slo  |c SVKPO  |d SNK  |e AACR2 
041 0 |a slo 
044 |a xo  |c SK 
072 7 |a 316.7  |x Sociológia kultúry. Kultúrny život  |2 konspekt 
080 |a 32  |2 2011 
080 |a 008  |2 2001 
080 |a 050  |2 2011 
080 |a 316.728  |2 2011 
080 |a (05)"520*1"(437.6)  |2 2011 
210 0 |a 24 hod.  |b (Tlačené vyd.) 
222 0 |a 24 hodín  |b (Tlačené vydanie) 
245 0 0 |a 24 hodín  |b denník pre všetkých 
246 3 3 |a Dvadsaťštyri hodín 
260 |a Bratislava  |b Novi  |c 2005-2006 
300 |a 2 zv.  |c 43 cm 
310 |a Denne 
362 0 |a Roč. I, č. 1 (31. aug. 2005)-roč. II. č.10 (13. jan. 2006) 
500 |a Šéfredaktor: 1/2005-10/2006 , Milan Stanislav 
500 |a Č. 10//2006 denník prestal vychádzať 
500 |a Reg. číslo: 3430/2005 
515 |a Rôzne označenie čísiel: bez ., ., .., ..., .... 
525 |a Obsahuje príl. Víkend 
650 0 7 |a politika  |2 SNKPH  |9 968 
650 0 7 |a spoločenský život  |2 SNKPH  |9 28654 
655 7 |a celoštátne denníky  |2 SNKPH  |9 70758 
700 1 |a Stanislav, Milan  |4 pbd  |9 266780 
770 0 |t 24 hodín TV 
776 1 |t 24 hodín (Online)  |x 1336-7641 
850 |a Štátna vedecká knižnica v Prešove 
856 4 1 |u http://www.24hod.sk 
910 |a snk 
916 |a 2005-10/2006 
999 |c 2845  |d 4775 
952 |0 0  |1 0  |4 0  |7 0  |8 0  |a SNK  |b SNK  |d 2007-01-05  |i snk2007/327  |l 0  |o snkČSA 1369/1/2005/1 D1  |p 17A0524660  |r 2026-02-21 20:08:47  |t č. 1-51  |w 2026-02-21  |y PREZ 
952 |0 0  |1 0  |4 0  |7 0  |8 0  |a SNK  |b SNK  |d 2007-01-05  |f 1  |i snk2007/328  |l 0  |o snkČSA 1369/1/2005/2  |p 17A1328732  |r 2026-02-21 20:14:02  |t č. 26-51  |w 2026-02-21  |y PREZ 
952 |0 0  |1 0  |4 0  |7 0  |8 0  |a SNK  |b SNK  |d 2007-01-05  |f 1  |i snk2007/330  |l 0  |o snkČSA 1369/1/2005/3  |p 17A0524661  |r 2026-02-21 20:14:02  |t č. 52-75  |w 2026-02-21  |y PREZ 
952 |0 0  |1 0  |4 0  |7 0  |8 0  |a SNK  |b SNK  |d 2007-01-08  |f 1  |i snk2007/406  |l 0  |o snkČSA 1369/1/2005/4  |p 17A1328773  |r 2026-02-21 20:14:15  |t č. 76-100  |w 2026-02-21  |y PREZ  |z  ;  
952 |0 0  |1 0  |4 0  |7 0  |8 0  |a SNK  |b SNK  |d 2007-01-08  |f 1  |i snk2007/407  |l 0  |o snkČSA 1369/2/2006  |p 17A1328734  |r 2026-02-21 20:14:15  |t č. 1-10, neúplné  |w 2026-02-21  |y PREZ  |z Chýba č. 4 
952 |0 0  |1 0  |4 0  |7 0  |8 0  |a SNK  |b SNK  |d 2007-01-08  |i snk2007/408  |l 0  |o snkČSA 1369/2/2006 D1  |p 17A1328735  |r 2026-02-21 20:14:15  |t č. 1-10, neúplné  |w 2026-02-21  |y PREZ  |z Chýba č. 1-8 
952 |0 0  |1 0  |4 0  |7 0  |8 0  |a SNK  |b SNK  |d 2007-01-08  |i snk2007/409  |l 0  |o snkČSA 1369/1/2005/2 D1  |p 17A0524666  |r 2026-02-21 20:14:15  |t č. 52-100  |w 2026-02-21  |y PREZ 
952 |0 0  |1 0  |4 0  |7 0  |8 0  |a SNK  |b SNK  |d 2007-01-05  |f 1  |i snk2007/322  |l 0  |o snkČSA 1369/1/2005/1  |p 17A1328731  |r 2026-02-21 20:28:59  |t č. 1-25  |w 2026-02-21  |y PREZ